| 000 | 00409 a2200133 4500 | ||
|---|---|---|---|
| 999 |
_c324946 _d324946 |
||
| 001 | 89873 | ||
| 003 | NUST | ||
| 082 | _a823.8 CON | ||
| 100 |
_aConan Doyle Arthur _99887 |
||
| 245 |
_aSherlock Holmes;the complete novels and stories Volume ll _b The Complete Novels and Stories Volume ll _hEnglish |
||
| 260 |
_aNew York _bBantam Classic _c1986 |
||
| 300 | _axviii, 737p. | ||
| 500 | _aGeneral books | ||
| 942 |
_aCAE NUST _cBK _k823.8 CON _2ddc |
||